|
|
|
|
| LEADER |
00000naa2a2200000 4500 |
| 001 |
619849 |
| 005 |
20231101133100.0 |
| 035 |
|
|
|a (RuTPU)RU\TPU\conf\18300
|
| 035 |
|
|
|a RU\TPU\conf\18299
|
| 090 |
|
|
|a 619849
|
| 100 |
|
|
|a 20160908d2016 k y0rusy50 ca
|
| 101 |
0 |
|
|a rus
|
| 102 |
|
|
|a RU
|
| 105 |
|
|
|a y z 100zy
|
| 135 |
|
|
|a drgn ---uucaa
|
| 181 |
|
0 |
|a i
|
| 182 |
|
0 |
|a b
|
| 200 |
1 |
|
|a Минеральный состав солевых отложений (накипи) в теплообменном оборудовании
|f А. Д. Аламов
|g науч. рук. Б. Р. Соктоев
|
| 203 |
|
|
|a Текст
|c электронный
|
| 225 |
1 |
|
|a Геоэкология, охрана и защита окружающей среды. Геоинформационные системы в геоэкологии
|
| 230 |
|
|
|a 1 компьютерный файл (pdf; 240 Kb)
|
| 300 |
|
|
|a Заглавие с экрана
|
| 320 |
|
|
|a [Библиогр.: с. 61-62 (19 назв.)]
|
| 461 |
|
1 |
|0 (RuTPU)RU\TPU\conf\17456
|t Проблемы геологии и освоения недр
|o труды XX Международного симпозиума имени академика М. А. Усова студентов и молодых ученых, посвященного 120-летию со дня основания Томского политехнического университета, Томск, 4-8 апреля 2016 г.
|o в 2 т.
|f Национальный исследовательский Томский политехнический университет (ТПУ), Институт природных ресурсов (ИПР) ; Общество инженеров-нефтяников, международная некоммерческая организация, Студенческий чаптер ; под ред. А. Ю. Дмитриева
|d 2016
|
| 463 |
|
1 |
|0 (RuTPU)RU\TPU\conf\17458
|t Т. 2
|v [С. 61-62]
|d 2016
|
| 610 |
1 |
|
|a труды учёных ТПУ
|
| 610 |
1 |
|
|a электронный ресурс
|
| 610 |
1 |
|
|a минеральный состав
|
| 610 |
1 |
|
|a солевые отложения
|
| 610 |
1 |
|
|a накипь
|
| 610 |
1 |
|
|a теплообменное оборудование
|
| 700 |
|
1 |
|a Аламов
|b А. Д.
|
| 702 |
|
1 |
|a Соктоев
|b Б. Р.
|c геохимик
|c ассистент Томского политехнического университета
|f 1990-
|g Булат Ринчинович
|2 stltpush
|4 727
|
| 712 |
0 |
2 |
|a Национальный исследовательский Томский политехнический университет (ТПУ)
|b Институт природных ресурсов (ИПР)
|b Кафедра геоэкологии и геохимии (ГЭГХ)
|h 259
|2 stltpush
|3 (RuTPU)RU\TPU\col\18658
|
| 801 |
|
2 |
|a RU
|b 63413507
|c 20160929
|g RCR
|
| 856 |
4 |
|
|u http://earchive.tpu.ru/handle/11683/31828
|
| 942 |
|
|
|c BK
|